banner koha

Integração grande EMBRAPA e Pequenos produtores de dendezeiro de Arauaí, município de Moju, Pará (Registro n. 298054)

MARC details
000 -LÍDER
campo de controle de tamanho fixo 01336nac a22004097a 4500
001 - NÚMERO DE CONTROLE
campo de controle BR2015006588
003 - IDENTIFICADOR DO NÚMERO DE CONTROLE
campo de controle BR-BrBNA
005 - DATA E HORÁRIO DA ÚLTIMA TRANSAÇÃO
campo de controle 20240105124029.0
008 - CAMPO DE DADOS FIXOS--INFORMAÇÃO GERAL
campo de controle de tamanho fixo 230509b bl.|||m| |||| 00| 0 por d
040 ## - FONTE DA CATALOGAÇÃO
Instituição da catalogação original BR-BrBNA
Idioma da catalogação por
Instituição que transcreveu o registro Biblioteca Nacional de Agricultura
072 ## - CÓDIGO DE CATEGORIA DE ASSUNTO
Código de Categoria de Assunto E16; E20; E72
090 ## - NÚMERO DE CHAMADA LOCAL
Número de chamada 0312 BR2015006588
100 1# - ENTRADA PRINCIPAL--NOME PESSOAL
Nome pessoal Homma, A.K.O.
100 1# - ENTRADA PRINCIPAL--NOME PESSOAL
Nome pessoal Menezes, A.J.E.A. de
100 1# - ENTRADA PRINCIPAL--NOME PESSOAL
Nome pessoal Monteiro, K.F.G.
100 1# - ENTRADA PRINCIPAL--NOME PESSOAL
Nome pessoal Santos, J.C. dos
100 1# - ENTRADA PRINCIPAL--NOME PESSOAL
Nome pessoal Rebello, F.K.
100 1# - ENTRADA PRINCIPAL--NOME PESSOAL
Nome pessoal Costa, D.H.M.
100 1# - ENTRADA PRINCIPAL--NOME PESSOAL
Nome pessoal Gomes Júnior, R.A.
100 1# - ENTRADA PRINCIPAL--NOME PESSOAL
Nome pessoal Sena, A.L. dos S.
100 1# - ENTRADA PRINCIPAL--NOME PESSOAL
Nome pessoal Mota Júnior, K.J.A. de
110 1# - ENTRADA PRINCIPAL--NOME CORPORATIVO
Nome corporativo ou nome da jurisdição EMBRAPA Amazônia Oriental, Belém, PA (Brasil)
245 1# - TÍTULO
Título Integração grande EMBRAPA e Pequenos produtores de dendezeiro de Arauaí, município de Moju, Pará
260 3# - PUBLICAÇÃO, DISTRIBUIÇÃO, ETC.
Local de publicação, distribuição, etc. Belém, PA (Brasil):
Data da publicação, distribuição, etc. 2014.
300 ## - DESCRIÇÃO FÍSICA
Extensão 40 p.
490 ## - TÍTULO DA SÉRIE
Título da série Boletim de Pesquisa e Desenvolvimento - EMBRAPA Amazônia Oriental (Brazil)
Número do volume ou designação sequencial da série no. 92
ISSN - International Standard Serial Number ISSN 1983-0483
500 ## - NOTA GERAL
Nota geral Summaries (En, Pt); 25 tables; 12 ref.
650 ## - ASSUNTO--TERMO TÓPICO
Cabeçalho tópico ou nome geográfico DENDÊ
650 ## - ASSUNTO--TERMO TÓPICO
Cabeçalho tópico ou nome geográfico PLANTA OLEAGINOSA
650 ## - ASSUNTO--TERMO TÓPICO
Cabeçalho tópico ou nome geográfico PRODUÇÃO AGRÍCOLA
650 ## - ASSUNTO--TERMO TÓPICO
Cabeçalho tópico ou nome geográfico USO DA TERRA
650 ## - ASSUNTO--TERMO TÓPICO
Cabeçalho tópico ou nome geográfico MÃO-DE-OBRA
650 ## - ASSUNTO--TERMO TÓPICO
Cabeçalho tópico ou nome geográfico COMERCIALIZAÇÃO
650 ## - ASSUNTO--TERMO TÓPICO
Cabeçalho tópico ou nome geográfico RENDA FAMILIAR
909 ## -
-- 202312
-- Lúcia Elande
-- 55
-- Lúcia Elande
942 ## - ELEMENTOS DE ENTRADA ADICIONADOS (KOHA)
Fonte da classificação ou esquema de arquivamento na estante Classificação AGRIS
Ocultar no OPAC Não
Tipo de material Koha Monografia Seriada
Exemplares
Situação do descarte Fonte da classificação ou esquema de arquivamento na estante Situação física Não pode ser emprestado Coleção Biblioteca de origem Biblioteca atual Localização na estante Total de empréstimos Número de telefone completo Código de barras Data de último acesso Tipo de material Koha Fonte de aquisição
  Classificação AGRIS       Biblioteca Nacional de Agricultura - Binagri Biblioteca Nacional de Agricultura - Binagri Agrobase - Acervo Geral   0312 BR2015006588 0312 BR2015006588 18/12/2023 Monografia Seriada Portaria Interministerial nº 164/94

BINAGRI

Telefone: (61)3218-2567/2388/3357/2097 - binagri@agro.gov.br

Ministério da Agricultura e Pecuária , Esplanada dos Ministérios, Bloco D, Anexo B, Brasília/DF, CEP: 70.043-900